Guia municipal per a l'elaboració de tarifes d'abastament d'aigua
Descripción Física:
72 p. : il., col. ; 29 cm
Materias:
Aigua -- Abastament
MARC
| LEADER | 00000nam a2200000Ia 4500 | ||
|---|---|---|---|
| 001 | 23849 | ||
| 008 | 160829s2010 xx 000 0 cat d | ||
| 080 | |a Bib-75 | ||
| 100 | |a Xarxa de Ciutats i Pobles cap a la Sostenibilitat. Grup de Treball sobre Recursos Hídrics |9 49850 | ||
| 245 | |a Guia municipal per a l'elaboració de tarifes d'abastament d'aigua | ||
| 260 | |a Barcelona : |b Diputació de Barcelona. Àrea de Medi Ambient. Secretaria tècnica, |c 2010 | ||
| 300 | |a 72 p. : |b il., col. ; |c 29 cm | ||
| 650 | 0 | |a Aigua |x Abastament |9 32277 | |
| 710 | 2 | |a Xarxa de Ciutats i Pobles cap a la Sostenibilitat |9 53477 | |
| 710 | |a Barcelona (Catalunya : Província). |b Àrea de Medi Ambient |9 52987 | ||
| 901 | |a Arxiu | ||
| 942 | |n 1 | ||
| 952 | |0 0 |1 0 |4 0 |6 BIB75 |7 1 |9 55639 |a Arxiu |b Arxiu |d 2016-12-01 |l 0 |o Bib-75 |p 23849 |r 2016-12-01 00:00:00 |w 2016-12-01 |y ARXIU | ||
| 999 | |c 59512 |d 59512 | ||